000 00355nam a2200133Ia 4500
008 100328s9999 xx 000 0 und d
082 _b45736
100 _aवैद्य सुरेश.
245 _aफीलिंग
260 _bशब्द सन्मान
630 _aफीलिंग
730 _aफीलिंग
942 _cBOOK
999 _c533830
_d533827